Normal view
MARC view
- Physics
Entry Topical Term
001 - CONTROL NUMBER
- control field: 35545
003 - CONTROL NUMBER IDENTIFIER
- control field: NUST
005 - DATE AND TIME OF LATEST TRANSACTION
- control field: 20201230105009.0
008 - FIXED-LENGTH DATA ELEMENTS
- fixed length control field: 201230|| aca||aabn | a|a d
040 ## - CATALOGING SOURCE
- Original cataloging agency: NUST
- Transcribing agency: NUST
150 ## - HEADING--TOPICAL TERM
- Topical term or geographic name entry element: Physics
- General subdivision: Experiments
670 ## - SOURCE DATA FOUND
- Source citation: Work cat.: (NUST)7690: Melissinos, Adrian C. 35544, Experiments in modern physics, 2003.
